LEADER 00952nam0-22003251i-450- 001 990003058020403321 010 $a0-415-05683-7 035 $a000305802 035 $aFED01000305802 035 $a(Aleph)000305802FED01 035 $a000305802 100 $a20000920d1993----km-y0itay50------ba 101 0 $aita 102 $aIT 200 1 $aEconomic and Social Development in Pacific Asia$fedited by Chris Dixon and David Drakakis-Smith. 210 $aLondon$aNew York$cRoutledge$d\c\\1993. 215 $aXVI, 231 p.$d21 cm 225 1 $aGrowth economies of Asia series 610 0 $aAsia orientale 676 $aF/1.33 702 1$aDixon,$bChris 702 1$aDrakakis-Smith,$bDavid William 801 0$aIT$bUNINA$gRICA$2UNIMARC 901 $aBK 912 $a990003058020403321 952 $aF/1.33 DIX$b12852$fSES 959 $aSES 996 $aEconomic and Social Development in Pacific Asia$9465793 997 $aUNINA DB $aING01 LEADER 01040nam--2200385---450- 001 990003050540203316 005 20080117143309.0 010 $a3-8053-0335-1 035 $a000305054 035 $aUSA01000305054 035 $a(ALEPH)000305054USA01 035 $a000305054 100 $a20080117d--------km-y0itay50------ba 101 $ager 102 $aDE 105 $a||||||||001yy 200 1 $aAntike numismatik$fMaria R. Alfoldi 210 $aMainz am Rhein$cZabern 215 $av.$d23 cm 327 1 $a : 2. revidierte und erweiterte Auflage. - 1982. - P. XXIX, 219-370 410 0$12001 454 1$12001 461 1$1001-------$12001 606 0 $aNumismatica 606 0 $aNumismatica$xBibliografia 676 $a737 700 1$aALFOLDI,$bMaria Radnoti$0599923 801 0$aIT$bsalbc$gISBD 912 $a990003050540203316 951 $aI NG ALF 1$b2661 DBC$cI NG 959 $aBK 969 $aDBC 979 $aDBC$b90$c20080117$lUSA01$h1433 996 $aAntike numismatik$91021671 997 $aUNISA LEADER 03756oam 2200745I 450 001 9910450987503321 005 20191030193357.0 010 $a0-429-23476-7 010 $a1-134-41191-X 010 $a0-203-71053-3 010 $a1-134-41192-8 010 $a1-280-07327-6 024 7 $a10.4324/9780203710531 035 $a(CKB)1000000000249505 035 $a(EBL)180895 035 $a(OCoLC)437084158 035 $a(SSID)ssj0000294817 035 $a(PQKBManifestationID)11193035 035 $a(PQKBTitleCode)TC0000294817 035 $a(PQKBWorkID)10312318 035 $a(PQKB)10378671 035 $a(MiAaPQ)EBC180895 035 $a(Au-PeEL)EBL180895 035 $a(CaPaEBR)ebr10097371 035 $a(CaONFJC)MIL7327 035 $a(OCoLC)1000434100 035 $a(EXLCZ)991000000000249505 100 $a20180331d2003 uy 0 101 0 $aeng 135 $aur|n|---||||| 181 $ctxt 182 $cc 183 $acr 200 00$aEgypt in the twenty first century $echallenges for development /$fedited by M. Riad El-Ghonemy 210 1$aLondon ;$aNew York :$cRoutledgeCurzon,$d2003. 215 $a1 online resource (262 p.) 225 1 $aRoutledgeCurzon advances in Middle East and Islamic studies ;$v2 300 $aDescription based upon print version of record. 311 $a0-203-35532-6 311 $a0-415-61284-5 311 $a0-415-30348-6 320 $aIncludes bibliographical references (p. [228]-239) and indexes. 327 $aBook Cover; Title; Contents; List of figures; List of tables; List of contributors; Acknowledgements; List of acronyms and abbreviations; Introduction; The level of development at the turn of the century; Evaluating development, 1980 1997; The standard of living; Evaluating development experience and sectoral performance; Development strategies, 1950 2001: progress and challenges for the twenty-first century; Full employment: the challenge in the twenty-first century; Agriculture: an assessment of past performance and the task ahead 327 $aIndustrial development: progress and challenges in the futurePeople participation and the political system; An evaluation of the political system at the end of the millennium; NGOs and the development challenges of the twenty-first century; Conclusion; Bibliography; Name index; Subject index 330 $aThe book focuses on three main themes:*overpopulation associated with low productivity, unemployment, persistent poverty and weak savings and investment capacity*the post-1950 development strategies and their outcomes*the institutional structures that are constraining economic and political progress. Egypt in the Twenty First Century is a much needed investigation into the long-term economic reform and restructuring and examines the challenges ahead for the country. It provides authoritative analyses from a collection of respected academics and a wealth of new da 410 0$aRoutledgeCurzon advances in Middle East and Islamic studies ;$v2. 606 $aEconomic forecasting$zEgypt 607 $aEgypt$xEconomic policy 607 $aEgypt$xEconomic conditions$y1952-1970 607 $aEgypt$xEconomic conditions$y1970-1981 607 $aEgypt$xEconomic conditions$y1981- 607 $aEgypt$xSocial conditions$y1952-1970 607 $aEgypt$xSocial conditions$y1970-1981 607 $aEgypt$xSocial conditions$y1981- 608 $aElectronic books. 615 0$aEconomic forecasting 676 $a338.962 701 $aEl Ghonemy$b Mohamad Riad$f1924-$079778 801 0$bMiAaPQ 801 1$bMiAaPQ 801 2$bMiAaPQ 906 $aBOOK 912 $a9910450987503321 996 $aEgypt in the twenty first century$92267059 997 $aUNINA